000 00519nam a2200181Ia 4500
008 100920s9999 xx 000 0 und d
082 _b33981
_a100 ढ 0
100 _aGALLAUDET T.H.
245 _aTHE HISTORY OF JOSIAH.
260 _bAMERICAN TARCT SOCIETY, NEW YORK.
_c0
300 _a108
_bसाधी
365 _b0
520 _aृॅआर.बी.आर.आर.
630 _aTHE HISTORY OF JOSIAH.
650 _aृॅआर.बी.आर.आर.
730 _aTHE HISTORY OF JOSIAH.
942 _cBOOK
999 _c688385
_d688382